Analyzing banking risk a framework for assessing corporate governance and risk management

Saved in:
Bibliografiske detaljer
Hovedforfatter: GRUENING, Hennie Van Brajovic, Sonja Bratanomic
Format: Bog
Sprog:engelsk
Udgivet: World Bank Group 2020
Tags: Tilføj Tag
Ingen Tags, Vær først til at tagge denne postø!

MARC

LEADER 00000nam a22000007a 4500
008 231003b |||||||| |||| 00| 0 eng d
020 |a 9781464814464 
100 |a GRUENING, Hennie Van  |a Brajovic, Sonja Bratanomic 
245 |a Analyzing banking risk  |b a framework for assessing corporate governance and risk management  |c /Hennie Van Greuning, Sonja Brajovic Bratanomic  |g xxviii, 418p; ill 
250 |b 4th 
260 |b World Bank Group  |c 2020  |h Washington, DC.  |i 700552  |i 700553  |l HG1615.G86  |m Bank management  |m Risk management  |m Corporate governance 
500 |a its includes references 
942 |a lcc  |c BK  |e Johnson  |f 03/10/23 
952 |0 0  |1 0  |2 lcc  |4 0  |6 HG1615 G86  |7 0  |9 4514  |a MPL  |b HOL  |c GJ  |d 2023-10-03  |l 0  |o HG1615.G86  |p 2023-0434  |r 2023-10-03 00:00:00  |t 700552  |w 2023-10-03  |y BK 
952 |0 0  |1 0  |2 lcc  |4 0  |6 HG1615 G86  |7 0  |9 4515  |a HOL  |b HOL  |c GJ  |d 2023-10-03  |l 0  |o HG1615.G86  |p 2023-0435  |r 2023-10-03 00:00:00  |t 700553  |w 2023-10-03  |y BK 
999 |c 2260  |d 2260